Fundamentals of Advanced Accounting: Volume-II (Record no. 53390)

000 -LEADER
fixed length control field 00383nam a2200145Ia 4500
008 - FIXED-LENGTH DATA ELEMENTS--GENERAL INFORMATION
fixed length control field 260330s9999 xx 000 0 und d
020 ## - INTERNATIONAL STANDARD BOOK NUMBER
International Standard Book Number 9.7881219266e+012
082 ## - DEWEY DECIMAL CLASSIFICATION NUMBER
Classification number 657
Item number PIL/F
100 ## - MAIN ENTRY--PERSONAL NAME
Personal name Pillai, R.S.N.
245 #0 - TITLE STATEMENT
Title Fundamentals of Advanced Accounting: Volume-II
250 ## - EDITION STATEMENT
Edition statement 3rd
260 ## - PUBLICATION, DISTRIBUTION, ETC.
Place of publication, distribution, etc. New Delhi
Name of publisher, distributor, etc. S.Chand And Company Ltd
Date of publication, distribution, etc. 2022
300 ## - PHYSICAL DESCRIPTION
Extent 1230p.
942 ## - ADDED ENTRY ELEMENTS (KOHA)
Koha item type Book
Holdings
Withdrawn status Lost status Damaged status Not for loan Collection code Permanent Location Current Location Date acquired Cost, normal purchase price Full call number Barcode Date last seen Price effective from Koha item type
        School of Management (Noida) MUIT-NOIDA MUIT-NOIDA 2026-03-30 895.00 657 PIL/F SOM00763 2026-03-30 2026-03-30 Book

All Rights Reserved@MUIT

Powered by Koha